000 00417nam a2200145Ia 4500
008 231129s2003||||xx |||||||||||||| ||spa||
020 _a958-655-712-X
040 _bspa
082 _a378.86126 U68c
100 _aUniversidad de Antioquia
245 0 _aCrónicas universitarias
260 _c2003
264 _aMedellí­n Colombia : Universidad de Antioquia
942 _2ddc
_cBKS
999 _c8324
_d8324